|
|
|
|
| LEADER |
00000nam a22000007a 4500 |
| 008 |
160527b2009 cr ||||| |||| 00| | spa d |
| 999 |
|
|
|c 3236
|d 3236
|
| 020 |
|
|
|a 9789968461771
|
| 090 |
|
|
|a 06.01.01
|b 1823
|
| 100 |
1 |
|
|9 173
|a Hernández Rodríguez, Ana Cecilia
|
| 245 |
1 |
4 |
|a Las estrategias didácticas en la formación de docentes /
|c Ana Cecilia Hernández Rodríguez, Susan Francis Salazar, Wilfredo Gonzága Martínez, María Luisa Montenegro H.,
|
| 260 |
|
|
|a San José, Costa Rica :
|b Editorial de la Universidad de Costa Rica,
|c 2009
|
| 300 |
|
|
|a 264 páginas
|
| 650 |
1 |
4 |
|9 1770
|a PEDAGOGÍA
|
| 650 |
1 |
4 |
|9 9
|a FORMACIÓN DE DOCENTES
|
| 650 |
1 |
4 |
|9 812
|a ESTRATEGIAS EDUCATIVAS
|
| 700 |
1 |
|
|9 557
|a Francis Salazar, Susan
|
| 700 |
1 |
|
|9 1819
|a Gonzaga Martínez, Wilfredo
|
| 700 |
1 |
|
|9 951
|a Montenegro Hernández, María Luisa
|
| 942 |
|
|
|i 002806
|h 06.01.01 1823
|2 z
|c 01
|